[Event "KGZ-ch"]
[Site "Bishkek"]
[Date "2022.04.30"]
[Round "1"]
[White "Zhakshylykov, Erzhan"]
[Black "Ibraimov, Bael"]
[Result "1-0"]
[WhiteElo "2343"]
[BlackElo "1576"]
[PlyCount "49"]
[EventDate "2022.04.30"]
[EventType "swiss"]
[EventRounds "11"]
[EventCountry "KGZ"]
[SourceTitle "EXT 2023"]
[Source "ChessBase"]
[SourceDate "2022.10.05"]
[SourceVersion "1"]
[SourceVersionDate "2022.10.05"]
[SourceQuality "1"]

1. d4 Nf6 2. c4 g6 3. Nf3 Bg7 4. g3 0-0 5. Bg2 d6 6. 0-0 Nc6 7. Nc3 e5 8. dxe5 dxe5 9. Bg5 Be6 10. Nd2 Ne7 11. Bxf6 Bxf6 12. Nde4 Nf5 13. Nc5 Bxc4 14. Nd7 Re8 15. Bxb7 Bg5 16. Qa4 Nd6 17. Bxa8 Qxa8 18. Rfd1 Be6 19. Nxe5 Bh3 20. Qc6 Qd8 21. Nc4 Bd7 22. Qc5 Be7 23. Nxd6 Bxd6 24. Rxd6 cxd6 25. Qxa7 1-0